| 000 | 03009cam a2200493 ia4500 | ||
|---|---|---|---|
| 003 | SA_RiAUC | ||
| 005 | 20241127062053.0 | ||
| 008 | 241127s2007____su g 000 0cara c | ||
| 020 | _a99600215411 | ||
| 020 | _a9960025411 | ||
| 040 |
_aSA-AhKFU _bara _cSA-RiAUC _erda |
||
| 082 | 0 | 0 | _a239.9 |
| 090 |
_a239.9 _bص ا ع |
||
| 100 | 1 |
_aالصاعدي، سعود بن عيد بن عمير _eمؤلف. |
|
| 245 | 1 | 2 |
_aالأحاديث الواردة في فضائل الصحابة رضوان الله عليهم جمعيا في الكتب التسعة ومسند أبي بكر البزار وأبي يعلى الموصلي والمعاجم الثلاثة لأبي القاسم الطبراني : _bجمع ودراسة / _cسعود بن عيد بن عمير الصاعدي. |
| 250 | _aالطبعة الأولى. | ||
| 264 | 1 |
_aالمدينة المنورة : _bالجامعة الإسلامية، _c2007 |
|
| 300 |
_a12 مجلد ؛ _c25 سم |
||
| 336 |
_aنص _btxt _2rdacontent _3كتاب |
||
| 337 |
_aبدون وسيط _bn _2rdamedia |
||
| 338 |
_aمجلد _bnc _2rdacarrier |
||
| 490 | 0 |
_aسلسلة مطبوعات الجامعة الإسلامية ؛ _v86 |
|
| 650 | 7 |
_aالصحابة والتابعون _xطريقة حياة _2aucsh |
|
| 650 | 7 |
_aالصحابة والتابعون _vتراجم _2aucsh |
|
| 650 | 7 |
_aالحديث _xالكتب التسعة _2aucsh |
|
| 650 | 7 |
_aالحديث _xالمسانيد _2aucsh |
|
| 700 | 1 | 2 |
_aالبخاري، محمد بن إسماعيل بن إبراهيم، _d194-256 هجري |
| 700 | 1 | 2 |
_aالإمام مسلم، مسلم بن الحجاج بن مسلم، _d204-261 هجري |
| 700 | 1 | 2 |
_aالترمذي، محمد بن عيسى بن سورة، _d209-279 هجري |
| 700 | 1 | 2 |
_aأبو داود، سليمان بن الأشعث بن إسحاق، _d202-275 هجري |
| 700 | 1 | 2 |
_aالنسائي، أحمد بن علي بن شعيب، _d215-303 هجري |
| 700 | 1 | 2 |
_aابن ماجة، محمد بن يزيد الربعي، _d209-273 هجري |
| 700 | 1 | 2 |
_aالإمام ابن حنبل، أحمد محمد بن حنبل، _d164-241 هجري |
| 700 | 1 | 2 |
_aالإمام مالك، مالك بن أنس بن مالك، _d93-179 هجري |
| 700 | 1 | 2 |
_aالدارمي، عبد الله بن عبد الرحمن بن الفضل، _d181-255 هجري |
| 700 | 1 | 2 |
_aالبزار، أحمد بن عمرو بن عبد الخالق، _dتوفي 292 هجري _tالبحر الزخار، المعروف، بمسند البزار. |
| 700 | 1 | 2 |
_aأبو يعلى، أحمد بن علي بن المثنى، _dتوفي 307 هجري |
| 700 | 1 | 2 |
_aالطبراني، سليمان بن أحمد بن أيوب، _d260-360 هجري |
| 700 | 1 | 2 |
_aالطبراني، سليمان بن أحمد بن أيوب، _d260-360 هجري. _tالمعجم الكبير. |
| 700 | 1 | 2 |
_aالطبراني، سليمان بن أحمد بن أيوب، _d260-360 هجري. _tالمعجم الأوسط. |
| 942 |
_2ddc _cBOOK |
||
| 949 |
_aSA-JeALM _d241127 _ukhaled123 _n1 |
||
| 999 |
_c2797 _d2797 |
||